003370000a2200061000450024502050000030000560020577300140026110aEspecial López a los ochenta : Belisario Betancur, Enrique Santos Castillo, Germán Espinosa, Santiago Salazar y la Pequeña Lulú escriben sobre el expresidente liberal Alfonso López Michelsen aVol. 3, Num. 3 (Junio-Julio, 1993), Páginas 27-320 tCambio 16